Normal view
MARC view
- الشوا ، تالا سعود ، السويلميين ، صفاء محمود
Entry Personal Name
001 - CONTROL NUMBER
- control field: 27463
003 - CONTROL NUMBER IDENTIFIER
- control field: JO-AjAnu
005 - DATE AND TIME OF LATEST TRANSACTION
- control field: 20230606074650.0
008 - FIXED-LENGTH DATA ELEMENTS
- fixed length control field: 230606|| aca||aabn | a|a d
040 ## - CATALOGING SOURCE
- Original cataloging agency: JO-AjAnu
- Transcribing agency: JO-AjAnu
100 ## - HEADING--PERSONAL NAME
- Personal name: الشوا ، تالا سعود ، السويلميين ، صفاء محمود
670 ## - SOURCE DATA FOUND
- Source citation: Work cat.: (JO-AjAnu)14104: الشوا ، تالا سعود ، السويلميين ، صفاء محمود , author, التشريعات التجارية وتشريعات الأعمال لطلبة العلوم الدارية والمالية = COMMERCIAL AND BUSINESS LOW